Tạp chí Khoa học Giáo dục Kỹ thuật Số 37
Trong số này có bài nghiên cứu xác định Cefalenxin trong nước thải bằng phương pháp sắc ký lỏng siêu hiệu năng với Detector Photooide array; Giải thuật điều chế sóng mang giảm số lần chuyển mạch cho nghịch lưu cần H-NPC năm bậc; Thiết kế bộ c...
Kaydedildi:
| Materyal Türü: | Kitap |
|---|---|
| Dil: | Vietnamese |
| Baskı/Yayın Bilgisi: |
Thành phố Hồ Chí Minh
Trường Đại học Sư phạm kỹ thuật TP. HCM
2016
|
| Konular: | |
| Etiketler: |
Etiketle
Etiket eklenmemiş, İlk siz ekleyin!
|
| Thư viện lưu trữ: | Thư viện Trường Đại học Nam Cần Thơ |
|---|
| LEADER | 01443nam a22002177a 4500 | ||
|---|---|---|---|
| 001 | NCT_122455 | ||
| 008 | 220511b xxu||||| |||| 00| 0 vie d | ||
| 999 | |c 6268 |d 6268 | ||
| 022 | |a 1859-1272 | ||
| 041 | |a vie | ||
| 082 | 0 | 4 | |2 23rd ed. |a 378 |b T109C |
| 245 | 0 | 0 | |a Tạp chí Khoa học Giáo dục Kỹ thuật |n Số 37 |c Trường Đại học Sư phạm kỹ thuật TP. HCM |
| 260 | |a Thành phố Hồ Chí Minh |b Trường Đại học Sư phạm kỹ thuật TP. HCM |c 2016 | ||
| 300 | |c 29cm | ||
| 310 | |a Hàng tháng | ||
| 362 | |a 09/2016 | ||
| 520 | 3 | |a Trong số này có bài nghiên cứu xác định Cefalenxin trong nước thải bằng phương pháp sắc ký lỏng siêu hiệu năng với Detector Photooide array; Giải thuật điều chế sóng mang giảm số lần chuyển mạch cho nghịch lưu cần H-NPC năm bậc; Thiết kế bộ cân bằng pha tự động cho lưới phân phối hạ áp; Mô hình hóa và điều khiển tối ưu cho hệ xe hai bánh tự cân bằng; Thiết kế giả lập hệ thống radar giám sát biển;... | |
| 655 | |a Tạp chí | ||
| 942 | |2 ddc |c CR | ||
| 952 | |0 0 |1 0 |2 ddc |4 0 |6 378_000000000000000_T109C |7 0 |9 23824 |a 000001 |b 000001 |d 2022-05-11 |o 378 T109C |r 2022-05-11 |w 2022-05-11 |y CR | ||
| 980 | |a Thư viện Trường Đại học Nam Cần Thơ | ||